X-Men Quiz Stats

 Plays Quiz Updated Dec 1, 2017

Score 0/42 Timer 09:00
0 Plays Today
X-Man % Correct
Wolverine
98.6%
Storm
95.4%
Cyclops
94%
Beast
89.9%
Professor X
87.7%
Magneto
87.5%
Rogue
82.4%
Gambit
81.9%
Jean Grey
81.5%
Nightcrawler
79.6%
Angel
75%
Juggernaut
74.5%
Iceman
72.5%
Toad
61.5%
Mystique
58.7%
Colossus
56.4%
Deadpool
53.1%
Jubilee
52.8%
Sabretooth
50.8%
Emma Frost
41.3%
Quicksilver
41.2%
X-Man % Correct
Cable
39.5%
Kitty Pryde
39.2%
Bishop
37.8%
Sentinel
37.6%
Scarlet Witch
37.2%
Apocalypse
34.6%
Banshee
34.2%
Psylocke
33.5%
Mr. Sinister
30.8%
Omega Red
28.1%
Havok
27.5%
Ms Marvel
26.3%
Silver Samurai
24%
Domino
23.8%
Lady Deathstrike
23.1%
Cannonball
20.7%
Marrow
17.2%
Marvel Girl
16.4%
Sunfire
15.5%
Shadow King
13.3%
Chamber
10.5%

You're not logged in!

Compare scores with friends on all Sporcle quizzes.
OR
Log In

Sporcle TV

Today on Sporcle TV


Watch our educational content, quiz creation guides, and fun videos on Sporcle TV.

Show Comments

Extras

Top Quizzes Today


Score Distribution

Your Account Isn't Verified!

In order to create a playlist on Sporcle, you need to verify the email address you used during registration. Go to your Sporcle Settings to finish the process.

Report this User

Report this user for behavior that violates our Community Guidelines.

Details: